| 000 | 00548cam a22002054a 4500 | ||
|---|---|---|---|
| 005 | 20250605164325.0 | ||
| 008 | 250528s ||||||||||||||||||||||||d | ||
| 035 | _a22999 | ||
| 020 | _a9780684824291 | ||
| 040 |
_aGR-AtMCL _bgre _dGR-AtMCL _eAACR2 |
||
| 245 | 1 | _aTHE BELL CURVE / INTELLIGENCE AND CLASS STRUCTURE IN AMERICAN LIFE | |
| 250 | _a1 | ||
| 260 |
_bFree Press Paperbacks, _c1994 |
||
| 300 | _a872 | ||
| 700 | 1 |
_aHerrnstein Richard J _98588 |
|
| 700 | 1 |
_aMurray Charles _98589 |
|
| 942 | _cBK | ||
| 999 |
_c8040 _d8040 |
||